=LDR 00000nam 2200000 4500 =001 INLIS000000000029039 =005 20201203082315 =035 ##$$a 0010-061300000029039 =008 201203################g##########0#ind## =041 ##$$a ind =082 ##$$a 330.9 =090 ##$$a 330.959 8, CHO e =100 ##$$a Choeryanto, Syaifoel =245 1#$$a Ekonomi Indonesia : $b Penurunan dan langkah penanggulangan /$c Syaifoel Choeryanto =260 ##$$a Jakarta :$b Fakultas Ekonomi Universitas Indonesia,$c 2002 =300 ##$$a vii, 117 hlm. ; $c 21 x 15 cm. =650 #4$$a Indonesia - Keadaan Ekonomi =850 ##$$a NBPNMAT =020 ##$$a 979-9242-43-6 =084 ##$$a 330.9 CHO e =990 ##$$a 30708972/hd-07 =990 ##$$a 30708974 =990 ##$$a 30708975 =990 ##$$a 30708973 =990 ##$$a 30708973 =990 ##$$a 30708972/hd-07 =990 ##$$a 30708974 =990 ##$$a 30708975 =990 ##$$a 30708974 =990 ##$$a 30708972/hd-07 =990 ##$$a 30708975 =990 ##$$a 30708973